00670nam a2200217Ia 450000500170000000800410001702000230005804000190008104100120010008200130011210000170012524501200014226000360026230000150029850400360031363000190034963000290036865000180039765100260041585000110044120231121093635.0131103s9999 xx 000 0 und d a8125030468cRs 395 aLoreto College aEnglish a396bJAI aJain, Devaki aWomen Development and the UNb A Sixty-Year Quest for Equality and Justice c Devaki Jain. Foreword by Amartya Sen aHyderabadbOrient Longmanc2005 axxiv,230p  aIncludes bibliography and index aGender Studies aUnited Nations and Women aWomen Studies aWomen and Development aLCLIB